01130nam a2200169 a 450000500170000000800410001702000150005804100080007310000190008124500700010025000110017026000290018130000160021050001020022650506180032865300140094620240828112705.02 s2005||||ag a g |||| 001 0 spa d a9502512413 aspa1 aLabrune, Noemi aBuscados.bRepresores del Alto Valle y Neuquén /cNoemi Labrune a2a ed. aNeuquen: bEDUCO;c2005. a204 p.bil. aLabrune, N. (2005). Buscados. Represores del Alto Valle y Neuquén. (2a ed.). Neuquén : EDUCO. aBuscados es la crónica de una búsqueda: Juicio y Castigo a los "desaparecedores" de la Subzona 5.2, nombre impuesto ala región del Comahue, en los años 1976 a 1983, por la Dictadura Militar. Sus protagonistas brindaron declaración testimonial ante la justicia. Cínicos y falaces los de uniformes, Corajudos y veraces los otros. La autora ha asumido esta responsabilidad, con un estilo donde la palabra es instrumento para develar la trama profunda de la represión. Donde el dolor se transforma en bronca. Y la impotencia en movilización. Buscaos es un acto más de esta movilización ciudadana.  aEducacion